[Event "African Online-ch Open 2021"]
[Site "Online"]
[Date "2021.02.01"]
[Round "5.13"]
[White "Kamara, Ansumana"]
[Black "Alberto, Manuel"]
[Result "0-1"]
[WhiteElo "1899"]
[BlackElo "2167"]
[Annotator "TA"]
[PlyCount "84"]
[EventDate "2021.02.01"]
[EventType "swiss"]
[EventCountry "NET"]
[SourceTitle "playchess.com"]
[Source "ChessBase"]
[SourceQuality "1"]

{[%evp 17,83,15,11,0,7,25,12,-15,-15,-11,41,23,141,145,120,139,134,129,134,139,258,-385,-384,-366,44,-178,-181,-520,-508,-501,-395,-390,-388,-381,-364,-348,-259,-270,-149,-214,-209,-197,-94,-198,-200,-209,-189,-202,-191,-175,0,0,0,-675,-523,-480,-498,-470,-442,-1122,-1129,-988,-905,-29992,-29993,-29998,-29999,-29999]} 1. e4 c5 2. Nf3 d6 3. d4 cxd4 4. Nxd4 Nf6 5. Nc3 a6 6. Be3 e5 7. Nb3 Be6 8. f3 h5 9. Qd2 Nbd7 10. g3 {B90: Sicilian Najdorf: Unusual White 6th moves, 6 Be3 Ng4 and 6 Be3 e5.} Rc8 11. O-O-O Be7 12. h3 {The position is equal.} b5 13. Kb1 {[#]} b4 $146 (13... Nb6 $11) ({Predecessor:} 13... Qc7 14. a3 g6 15. Qf2 Qb7 16. Na5 Qc7 17. Nb3 Qb7 18. Bd3 Rxc3 19. bxc3 d5 {0-1 (48) Savchenko,B (2564)-Ter Sahakyan,S (2640) chess.com INT 2020}) 14. Nd5 $14 Bxd5 (14... Nxd5 $11 {remains equal.} 15. exd5 Bf5) 15. exd5 $16 a5 16. Bb5 O-O 17. g4 Nb6 18. Nxa5 Nbxd5 (18... Nfxd5 $16 19. gxh5 Nxe3 20. Qxe3 Bg5) 19. g5 $4 {[%mdl 8192]} Qxa5 $19 20. gxf6 {[#]} Nxf6 (20... Nc3+ $1 $19 {[%mdl 512]} 21. bxc3 (21. Qxc3 bxc3) 21... bxc3) 21. Qd3 $2 (21. a4 $14 {was forced to keep a grip.}) 21... d5 {...Ra8 is the strong threat.} 22. b3 $2 (22. Bd2) 22... e4 23. fxe4 Nxe4 24. Bd4 Bf6 {Hoping for ...Bxd4.} 25. Bxf6 Nxf6 26. Ba4 Rc3 27. Qf5 Rfc8 (27... h4 $19 28. Qg5 Rg3 29. Qxh4 Ne4) 28. Rh2 (28. Rhg1 $17 Qb6 29. Bb5) 28... Qc7 29. Rg2 {Threatens to win with Qxf6.} Kf8 (29... Ne4 $19 30. Rdg1 Rxc2 31. Rxg7+ Kf8 32. Rg8+ Ke7 33. Rxc8 Nd2+ 34. Ka1 Qxc8 35. Qxc8 (35. Re1+ $2 Ne4 $19) 35... Rxc8) 30. Rdg1 (30. Bb5 $17 {keeps fighting.} Ne4 31. Bd3) 30... Ne4 {[%cal Rc3c2]} 31. Rxg7 {Strongly threatening R1g6.} Rxc2 32. Rg8+ Ke7 33. Rxc8 {[#]} Qxc8 $40 {[%mdl 128] Black attacks.} (33... Nd2+ $1 $19 34. Ka1 Qxc8 35. Qxc8 (35. Re1+ $2 Ne4 $19) 35... Rxc8) 34. Qe5+ $11 Kf8 35. Rd1 {[%mdl 8192]} (35. Qh8+ $11 Ke7 36. Qe5+ {[%mdl 64] Double Attack} Kf8 37. Qh8+ Ke7 38. Qe5+ {[%mdl 64] Double Attack}) 35... Rg2 36. Qh8+ Rg8 37. Qh6+ Ke7 38. Qe3 (38. Re1 $142 Qxh3 39. Qd2) 38... Rg2 $19 39. Rc1 Qf5 {( -> ...Kf8)} 40. Rc7+ Kf8 {Black mates.} 41. Bd7 Nc3+ {[%mdl 64] Discovered Attack (Double check)} 42. Kc1 Qb1# {Weighted Error Value: White=1.10/Black=0.50} 0-1

[Event "African Online-ch Open 2021"]
[Site "Online"]
[Date "2021.02.01"]
[Round "5.14"]
[White "Hemam, Moulaye Brahim"]
[Black "Simpson, Michael M"]
[Result "1-0"]
[WhiteElo "2046"]
[BlackElo "1995"]
[Annotator "TA"]
[PlyCount "65"]
[EventDate "2021.02.01"]
[EventType "swiss"]
[EventCountry "NET"]
[SourceTitle "playchess.com"]
[Source "ChessBase"]
[SourceQuality "1"]

{[%evp 18,65,68,64,120,118,111,103,139,146,133,80,109,57,62,66,104,100,113,102,152,143,208,226,229,203,215,233,239,213,363,360,357,343,341,331,326,345,351,345,406,422,372,427,358,352,502,508,497,450]} 1. e4 c5 2. Nf3 e6 3. d4 cxd4 4. Nxd4 Nc6 5. Nc3 Qc7 6. Be3 a6 7. Qd2 Nf6 8. O-O-O Be7 {outshines the older 8...Bb4.} 9. f3 d6 10. g4 Bd7 {B80: Sicilian Scheveningen: 6 g3 and 6 Be3, including English Attack.} (10... Nxd4 $14 11. Qxd4 h6) 11. g5 $16 Nh5 12. f4 g6 {White is better.} 13. Kb1 b5 {[%cal Bb7b5,Bb5b4][%mdl 32] [#]} 14. f5 $146 (14. Be2 $142) ({Predecessor:} 14. Qf2 Ng7 15. Nxc6 Bxc6 16. Bb6 Qb8 17. b4 O-O 18. Rg1 Rc8 19. Bd3 Bd7 20. Ne2 {0-1 (51) Funke,H (1719)-Lochmann,V (1793) Hamburg 2015}) 14... b4 15. fxe6 ({White should try} 15. Nxc6 $16 Qxc6 16. Qd4 $1) 15... fxe6 $14 16. Nxc6 Qxc6 {[#] White leaves nothing to chance now.} 17. Qd4 {[%mdl 64] Double Attack} O-O 18. Qxb4 Rfb8 {[#]} 19. Qd4 ({Much less strong is} 19. Qa3 $6 Rb7 $14) 19... Qb7 (19... Bf8 $16 {keeps fighting.}) 20. b3 $18 Rc8 21. Be2 Ng7 22. h4 Qc7 23. Bd2 Qb8 (23... Qc5 $142 24. Qxc5 Rxc5) 24. h5 {aiming for hxg6.} Qa7 25. Qxa7 Rxa7 26. hxg6 hxg6 27. Rh6 Rac7 28. Kb2 ({Less strong is} 28. Bxa6 Rxc3 29. Bxc8 (29. Rxg6 Rxc2 30. Bxc8 Rxc8 $16) (29. Bxc3 Rxc3 30. Rxg6 Rc5 $14) 29... Rxc8 $16) 28... Bxg5 29. Bxg5 Rxc3 30. Bc4 R3xc4 31. bxc4 Rxc4 (31... Bc6 $142 32. Rxd6 Bxe4) 32. Rxd6 Be8 33. Rxa6 {Weighted Error Value: White=0.07/Black=0.35} 1-0

[Event "African Online-ch Open 2021"]
[Site "Online"]
[Date "2021.02.01"]
[Round "5.15"]
[White "Sang, Ricky"]
[Black "Likoko, Elvis"]
[Result "0-1"]
[WhiteElo "1991"]
[BlackElo "1646"]
[Annotator "TA"]
[PlyCount "86"]
[EventDate "2021.02.01"]
[EventType "swiss"]
[EventCountry "NET"]
[SourceTitle "playchess.com"]
[Source "ChessBase"]
[SourceQuality "1"]

{[%evp 9,86,10,5,0,0,0,7,0,0,-5,4,-10,10,-20,-21,-16,41,27,16,13,19,-1,159,0,0,0,0,0,0,0,0,0,45,0,81,-38,-38,-23,-18,-18,-45,-27,16,-89,-89,-89,-89,-89,-90,-100,-95,-101,-94,-106,-113,-110,-104,-159,-151,-177,-177,-191,-192,-192,-188,-180,-141,-162,-129,-186,-190,-342,-342,-430,-422,-608,-599,-1002,-997]} 1. d4 b6 2. Bf4 Bb7 3. e3 Nf6 4. Nf3 g6 5. Nc3 Bg7 6. Be2 {A47: 1 d4 Nf6 2 Nf3 b6: Torre, London and Colle Systems.} d6 7. h3 Nbd7 8. Qd2 {The position is equal.} O-O 9. O-O c5 {[#]} 10. Rad1 $146 ({Predecessor:} 10. Rfd1 cxd4 11. exd4 Rc8 12. Bh6 Re8 13. Bxg7 Kxg7 14. Re1 d5 15. Bd3 a6 16. a4 {1-0 (42) Alarcon Robles,P (1918)-Garcia Mosquera,D (2068) Barcelona 2011}) 10... Rc8 11. Rfe1 a6 12. a4 Qc7 ({Black should try} 12... d5 $11) 13. d5 $14 c4 14. Bf1 Nc5 15. e4 ({Don't go for} 15. Bxc4 $2 Nce4 $19) 15... Qd7 $2 (15... b5 $1 $11) 16. Ra1 $2 ({Not} 16. Bxc4 Ncxe4 $1 17. Nxe4 Rxc4 $11) (16. e5 $16) 16... b5 $11 17. axb5 axb5 {White must now prevent ...b4.} 18. e5 b4 19. exf6 bxc3 20. bxc3 Bxf6 21. Ra7 Na4 {[#]} (21... Qb5 $11) 22. Nd4 (22. Bg5 $1 $16) 22... Ra8 $15 23. Rxa8 Rxa8 24. Bxc4 Qc7 $36 {[%mdl 2048] Black has some pressure.} 25. Bb3 Qxc3 26. Qxc3 (26. Nc6 $1 $11 {remains equal.}) 26... Nxc3 $17 {Black converts the advantage convincingly.} 27. Nc6 Bxc6 28. dxc6 Rc8 29. Bh6 Rxc6 30. Kf1 Ra6 31. g4 {And now g5 would win.} e6 32. Bd2 Na4 33. Bb4 (33. Rb1 $142) 33... Bc3 34. Bxc3 Nxc3 {[%mdl 4096] Endgame KRB-KRN} 35. Re3 Rc6 36. Ke1 d5 37. f3 Nb5 38. Kd2 Nd4 39. Ba4 (39. Rd3 $17 Nb5 40. Ba4) 39... Rc4 $19 40. Ra3 {[#]} (40. Bb3 {was the only defense.} Rb4 41. Rd3) 40... Nxf3+ $1 {[%mdl 512]} 41. Ke3 (41. Rxf3 Rxa4) 41... Ng5 {Black is clearly winning.} 42. h4 (42. Bb5 $142 Rxc2 43. h4) 42... Rxg4 {...Rg3+ is the strong threat.} 43. hxg5 Rg3+ {Weighted Error Value: White=0.45/Black=0.19} 0-1

[Event "African Online-ch Open 2021"]
[Site "Online"]
[Date "2021.02.01"]
[Round "5.16"]
[White "Njoroge Martin"]
[Black "Oliveira, Luciano"]
[Result "0-1"]
[WhiteElo "1965"]
[BlackElo "2115"]
[Annotator "TA"]
[PlyCount "68"]
[EventDate "2021.02.01"]
[EventType "swiss"]
[EventCountry "NET"]
[SourceTitle "playchess.com"]
[Source "ChessBase"]
[SourceQuality "1"]

{[%evp 9,68,24,14,16,66,68,52,20,20,0,0,-10,-8,-7,40,0,16,0,0,-10,37,37,52,52,55,39,77,81,115,110,101,103,93,13,12,0,0,0,0,0,0,0,0,0,0,0,0,0,0,0,0,0,0,0,0,0,0,0,0,0,0]} 1. Nf3 d5 2. g3 Nd7 3. d4 Ngf6 4. Bg2 e6 5. O-O Be7 6. c4 {D02: 1 d4 d5 2 Nf3 sidelines, including 2...Nf6 3 g3 and 2...Nf6 3 Bf4.} b6 7. cxd5 exd5 8. Bf4 {White is slightly better.} Bb7 9. Nbd2 O-O 10. Rc1 {[#]} c5 $146 ({Predecessor:} 10... Rc8 11. Re1 Re8 12. a3 c5 13. e3 Nh5 14. Ne5 Nxf4 15. gxf4 Nf6 16. Nd3 Ba6 {0-1 (57) Carvalho,A-Silva,J Vitoria 2018}) 11. h4 Ne4 12. Be3 Bf6 13. Nxe4 dxe4 14. Ng5 Qe7 15. dxc5 Nxc5 16. b4 Rad8 17. Qc2 Ne6 {[%cal Rf6g5]} 18. Nxe4 Bd4 19. Ng5 Nxg5 20. Bxg5 f6 {[#]} 21. Bxb7 (21. Qc4+ $1 $16 Kh8 22. Bf4) 21... fxg5 $11 {The position is equal.} 22. Be4 gxh4 23. e3 hxg3 24. exd4 gxf2+ 25. Rxf2 Rxf2 26. Kxf2 Qh4+ 27. Kg2 {Threatens to win with Bxh7+!} Qg5+ 28. Kh3 Qh5+ 29. Kg3 {And now Qd2 would win.} Qg5+ 30. Kh3 Qe3+ 31. Kg4 h5+ {[%mdl 64] [#] Decoy} 32. Kxh5 {Black must now prevent Kg4.} Qh3+ 33. Kg5 {Strongly threatening Qc4+.} Qg3+ 34. Kh5 $1 ({Wrong is} 34. Kf5 $2 g6+ 35. Kf6 Qf4+ 36. Bf5 Qh4+ 37. Ke6 Qf4 $19) 34... g6+ {[%mdl 32768] Weighted Error Value: White=0.08/Black=0.09. Loss on time!?} 0-1

[Event "African Online-ch Open 2021"]
[Site "Online"]
[Date "2021.02.01"]
[Round "5.17"]
[White "Pascoal, Eduardo A"]
[Black "Khalema, Sechaba"]
[Result "1-0"]
[WhiteElo "2184"]
[BlackElo "1827"]
[Annotator "TA"]
[PlyCount "133"]
[EventDate "2021.02.01"]
[EventType "swiss"]
[EventCountry "NET"]
[SourceTitle "playchess.com"]
[Source "ChessBase"]
[SourceQuality "1"]

{[%evp 15,133,8,37,31,87,63,84,36,42,37,50,50,51,4,67,63,73,75,85,70,93,87,86,95,87,86,129,104,97,114,133,126,141,115,200,206,413,331,345,351,325,327,312,226,322,320,580,578,665,674,631,643,641,566,535,310,290,206,203,22,23,22,29,28,29,28,21,28,39,19,24,14,11,10,47,47,64,69,69,69,69,69,69,69,69,64,64,64,80,57,57,0,133,114,137,116,196,136,226,45,184,191,199,180,477,433,440,367,427,279,263,0,421,401,918,909,29997,29998,29998,29999]} 1. d4 d5 2. Nf3 Nf6 3. Bf4 e6 4. c4 Bd6 5. Bg5 Be7 6. Nc3 Nbd7 7. e3 O-O 8. Bd3 {8.Bh4 is the recent fashion.} Re8 9. O-O {D60: Queen's Gambit Declined: Classical: Unusual White 7th moves.} Nf8 (9... dxc4 $14 10. Bxc4 a6) 10. Ne5 c6 11. c5 {White is better.} (11. Rc1 {seems wilder.} Ng6 12. f4 dxc4 13. Bc2 c5 14. dxc5 Bxc5 15. Qf3) 11... N6d7 $1 12. Bxe7 Qxe7 13. f4 f6 {[#]} 14. Ng4 $146 ({Predecessor:} 14. Nxd7 Bxd7 15. e4 e5 16. fxe5 fxe5 17. exd5 exd4 18. dxc6 Bxc6 19. Bc4+ Ne6 20. Re1 Bd7 21. Qxd4 {1-0 (55) Ayan,B (1398)-Yilmazel,S Kemer 2012}) 14... f5 ({Better is} 14... b6 $11) 15. Ne5 $14 Nf6 16. b4 {[%cal Bb2b4,Bb4b5][%mdl 32]} Qc7 17. Rc1 Re7 18. b5 Bd7 19. a4 {[%cal Ba2a4,Ba4a5,Ba5a6][%mdl 32]} Be8 20. Be2 g6 21. Qb3 Rg7 22. Rb1 Qa5 23. Qb4 Qd8 24. a5 Rc8 (24... cxb5 $16 {keeps fighting.} 25. Bxb5 a6) 25. a6 $18 b6 $2 (25... cxb5 26. Nxb5 (26. Bxb5 b6 $16) 26... Bxb5) 26. cxb6 Qxb6 27. Na4 ({Less strong is} 27. bxc6 Qxb4 28. Rxb4 Bxc6 $16) 27... Qd8 {intending ...cxb5.} 28. b6 ({Weaker is} 28. bxc6 Bxc6 29. Nc5 Ba8 $16) 28... axb6 29. Nxb6 Rcc7 (29... Rb8 $142 30. Bd3 Ra7) 30. Na4 N6d7 $2 (30... Rc8 {might work better.} 31. Nc5 Ra8) 31. Qd6 Rc8 32. Nxc6 Qf6 33. a7 Ra8 34. Rb7 g5 35. Ne5 gxf4 36. exf4 {Black must now prevent Nb6.} Nxe5 37. dxe5 $2 (37. fxe5 $18 Qg5 38. Rxg7+ Qxg7 39. Nc5) 37... Qg6 $11 {[%csl Gg7][%cal Rg6g2]} 38. Rxg7+ Qxg7 {[#]} 39. Qb8 $1 Qxa7+ 40. Qxa7 Rxa7 41. Nc5 Kf7 42. Nb3 Ke7 43. Nd4 Ra4 44. Rd1 Bd7 45. Kf2 Ra3 46. Rb1 Ra4 47. Ke3 Ra3+ 48. Rb3 Ra7 49. g3 Ng6 50. h4 Nf8 51. h5 Rc7 52. Ba6 Be8 53. Be2 ({White should play} 53. h6 $14) 53... Nd7 (53... Bd7 $1 $11 {keeps the balance.}) 54. g4 $16 fxg4 55. Bxg4 Bf7 (55... Nc5 $16 56. Rb6 Bd7) 56. Ra3 $18 Nf8 (56... Rc1 $16 57. h6 Nc5) 57. f5 $2 (57. Ra6 $18) 57... exf5 (57... Nd7 $1 $14) 58. Nxf5+ Ke6 59. Kf4 {And now Ra6+ would win.} Be8 $2 (59... Kd7 {was called for.} 60. Ne3+ Ke7) 60. Ra6+ ({Don't take} 60. Ne3+ Kf7 $18) 60... Kf7 {Now ...Ne6+ and Black clings on.} 61. Rf6+ Kg8 62. Nh6+ Kg7 {[#] If only Black now had time for ...Ng6+....} 63. Nf5+ $2 (63. Kg5 $1) 63... Kg8 64. e6 Rc4+ (64... d4 $142 65. Bf3 Rc5) 65. Kg5 {Ne7+ would kill now.} d4 66. Ne7+ Kg7 67. h6+ {Weighted Error Value: White=0.30/Black=0.43} 1-0

[Event "African Online-ch Open 2021"]
[Site "Online"]
[Date "2021.02.01"]
[Round "5.18"]
[White "Bongo Akanga Ndjila, Barthelemy"]
[Black "Fernandes, Avelino"]
[Result "1/2-1/2"]
[WhiteElo "1803"]
[BlackElo "1887"]
[Annotator "NA RC"]
[PlyCount "90"]
[EventDate "2021.02.01"]
[EventType "swiss"]
[EventCountry "NET"]
[SourceTitle "playchess.com"]
[Source "ChessBase"]
[SourceQuality "1"]
[TimeControl "1500+10"]

1. d4 {[%emt 0:00:00]} e6 {[%emt 0:00:06]} 2. c4 {[%emt 0:00:06]} f5 {[%emt 0:00:03]} 3. g3 {[%emt 0:00:03]} Nf6 {[%emt 0:00:02]} 4. Bg2 {[%emt 0:00:02]} d5 {[%emt 0:00:02]} 5. Nc3 {[%emt 0:00:02]} c6 {[%emt 0:00:02]} 6. Nh3 {[%emt 0:00:02]} Be7 {[%emt 0:01:00]} 7. b3 {[%emt 0:01:10]} O-O {[%emt 0:00:17]} 8. O-O {[%emt 0:00:07]} Ne4 {[%emt 0:01:30]} 9. Nxe4 {[%emt 0:00:41]} fxe4 {[%emt 0:00:05]} 10. e3 {[%emt 0:00:03]} Nd7 {[%emt 0:00:22]} 11. Nf4 {[%emt 0:00:18]} Nf6 {[%emt 0:00:11]} 12. Nh5 {[%emt 0:00:10]} Bd7 {[%emt 0:01:00]} 13. Bb2 {[%emt 0:00:19]} Qe8 {[%emt 0:00:08]} 14. Nxf6+ {[%emt 0:00:28]} Rxf6 {[%emt 0:00:05]} 15. f3 {[%emt 0:00:03]} exf3 {[%emt 0:00:31]} 16. Bxf3 {[%emt 0:00:08]} Qg6 {[%emt 0:00:06]} 17. Qe2 {[%emt 0:00:09]} Raf8 {[%emt 0:00:09]} 18. e4 {[%emt 0:00:26]} dxe4 {[%emt 0:04:41]} 19. Bxe4 {[%emt 0:00:08]} Rxf1+ {[%emt 0:00:04]} 20. Rxf1 {[%emt 0:00:04]} Rxf1+ {[%emt 0:00:03]} 21. Kxf1 {[%emt 0:00:02]} Qf7+ {[%emt 0:00:11]} 22. Kg2 {[%emt 0:00:05]} Bf6 {[%emt 0:00:03]} 23. Qd3 {[%emt 0:01:20]} g6 {[%emt 0:00:05]} 24. Bc1 {[%emt 0:00:17]} Qe7 {[%emt 0:00:18]} 25. h4 {[%emt 0:00:36]} Be8 {[%emt 0:00:17]} 26. Be3 {[%emt 0:03:23]} Bf7 {[%emt 0:00:50]} 27. d5 {[%emt 0:00:41]} exd5 {[%emt 0:00:12]} 28. cxd5 {[%emt 0:00:02]} cxd5 {[%emt 0:00:03]} 29. Bxd5 {[%emt 0:00:02]} a6 {[%emt 0:00:35]} 30. Bxf7+ {[%emt 0:00:18]} Kxf7 {[%emt 0:00:10]} 31. Bh6 {[%emt 0:01:27]} Ke8 {[%emt 0:01:35]} 32. Qc4 {[%emt 0:00:37]} Kd7 {[%emt 0:00:11]} 33. Qd5+ {[%emt 0:00:12]} Kc8 {[%emt 0:00:08]} 34. Qg8+ {[%emt 0:00:25]} Kd7 {[%emt 0:00:05]} 35. Kf3 {[%emt 0:01:05]} Be5 {[%emt 0:01:04]} 36. Bg5 {[%emt 0:00:55]} Bf6 {[%emt 0:00:15]} 37. Qd5+ {[%emt 0:06:17]} Kc8 $11 {[%emt 0:00:18]} 38. Qg8+ {[%emt 0:00:11]} Kd7 {[%emt 0:00:04]} 39. Qb8 {[%emt 0:00:12]} Kc6 {[%emt 0:00:09]} 40. Qc8+ {[%emt 0:00:03]} Kd5 {[%emt 0:03:06]} 41. Qc4+ {[%emt 0:01:20]} Kd6 {[%emt 0:00:40]} 42. Qb4+ {[%emt 0:00:21]} Ke6 {[%emt 0:00:06]} 43. Qc4+ {[%emt 0:00:56]} Kd7 {[%emt 0:00:06]} 44. Qd5+ {[%emt 0:00:19]} Ke8 {[%emt 0:00:09]} 45. Qg8+ {[%emt 0:00:07]} Kd7 {[%emt 0:00:04]} 1/2-1/2

[Event "African Online-ch Open 2021"]
[Site "Online"]
[Date "2021.02.01"]
[Round "5.19"]
[White "Meftahi, Houssem"]
[Black "Vermaak, Ashley Christopher"]
[Result "1-0"]
[WhiteElo "2110"]
[BlackElo "1751"]
[Annotator "TA"]
[PlyCount "35"]
[EventDate "2021.02.01"]
[EventType "swiss"]
[EventCountry "NET"]
[SourceTitle "playchess.com"]
[Source "ChessBase"]
[SourceQuality "1"]

{[%evp 18,35,222,75,221,206,389,331,343,335,407,408,407,416,413,387,534,534,581,525]} 1. e4 c5 2. Nf3 d6 3. d4 cxd4 4. Nxd4 Nf6 5. Nc3 a6 6. Bg5 e6 7. f4 Be7 8. Qf3 Qc7 9. O-O-O b5 10. Bxf6 (10. e5 $1 $18 {and the rest is easy.} Bb7 11. Qg3) 10... Bxf6 {B98: Sicilian Najdorf: 6 Bg5 e6 7 f4 Be7, sidelines.} (10... gxf6 $16 11. Qh5 Nc6) 11. Bxb5+ Nd7 $2 ({Don't play} 11... axb5 12. Ndxb5 Qc6 13. Rxd6 $18) (11... Kf8 {keeps fighting.}) 12. Bxd7+ Qxd7 {White has a decisive advantage.} 13. e5 $1 {[%mdl 64] [#] Discovered Attack} Bb7 14. Qg3 Be7 15. Qxg7 O-O-O 16. Qxf7 {[#]} Rhf8 $146 ({Predecessor:} 16... Bxg2 17. Rhg1 Bh3 18. Rg7 Rhe8 19. Qh5 Bf5 20. Nxf5 exf5 21. exd6 Qa7 22. Rxe7 Rxe7 23. dxe7 Qe3+ 24. Kb1 Rxd1+ 25. Nxd1 Qxe7 26. Qxf5+ Kc7 27. Qe5+ {1-0 (27) Arp,F (2070)-Stahle,S (1735) Rogaska Slatina 2012}) 17. Qxe6 Rxf4 18. Qc4+ {Black did not feel at home in the position after the opening. Accuracy: White = 100%, Black =  8%.} 1-0

[Event "African Online-ch Open 2021"]
[Site "Online"]
[Date "2021.02.01"]
[Round "5.20"]
[White "Libe, Sofonea"]
[Black "Ndegwa, Jackson Kamau"]
[Result "0-1"]
[WhiteElo "1509"]
[BlackElo "2001"]
[Annotator "TA"]
[PlyCount "111"]
[EventDate "2021.02.01"]
[EventType "swiss"]
[EventCountry "NET"]
[SourceTitle "playchess.com"]
[Source "ChessBase"]
[SourceQuality "1"]

{[%evp 9,111,42,59,37,39,6,41,45,41,58,64,54,84,81,78,91,158,147,200,17,22,20,35,24,122,25,33,4,0,-91,-91,-91,-88,-91,-91,-97,65,62,44,-29,-27,-97,8,10,9,-151,-77,-277,-263,-268,-239,-318,-289,-707,-703,-988,-975,-948,-964,-943,-614,-1044,-837,-1387,-1168,-2031,-1973,-1660,-1721,-1802,-1796,-2393,-2191,-29980,-29981,-29983,-29983,-29984,-29985,-29985,-29984,-29983,-29984,-29986,-29987,-29990,-29989,-29988,-29989,-29989,-29990,-29990,-29991,-29991,-29992,-29992,-29993,-29993,-29994,-29994,-29995,-29995,-29996,-29997]} 1. c4 e5 2. g3 Bc5 3. Bg2 d6 4. Nc3 f5 5. e3 Nf6 6. Nge2 {A20: English Opening: 1...e5.} O-O {[#]} 7. a3 $146 ({Predecessor:} 7. O-O Nbd7 8. Qc2 Ng4 9. h3 Nh6 10. d4 Bb4 11. a3 Bxc3 12. Nxc3 Qe8 13. Nb5 {0-1 (31) Bukvaj,J (1330)-Hudak,M (1044) Bratislava 2019}) 7... a5 8. O-O {White is slightly better.} Qe8 9. d4 Bb6 10. Rb1 Nc6 11. b4 $1 axb4 12. axb4 Qh5 (12... Bd7 $142) 13. c5 $1 $16 {[%cal Rc5b6]} Ba7 (13... dxc5 $16 {was necessary.} 14. bxc5 Ba5) 14. Nb5 $2 (14. b5 $18 Na5 15. b6 cxb6 16. cxd6) 14... Bb8 $11 15. Nec3 {Black must now prevent Qxh5.} Qxd1 16. Rxd1 Bd7 (16... e4 $11) 17. Bd2 (17. Nd5 $16) 17... e4 18. d5 Ne5 19. Ra1 (19. Bf1 $11) 19... Rxa1 $17 20. Rxa1 Bxb5 21. Nxb5 Nxd5 22. Nd4 {With the idea Nxf5.} Nd3 $2 (22... c6 $17) 23. cxd6 $14 cxd6 {[#]} 24. b5 ({Better is} 24. Nxf5 $1 $14 Nxf2 25. Nd4) 24... g6 25. Ra8 (25. g4 $11 {remains equal.}) 25... Bc7 (25... Nb6 $17 26. Ra2 Nc4) 26. Rxf8+ $11 Kxf8 27. Ne6+ $2 {[#]} ({White has to play} 27. g4 $1 $11) 27... Kf7 ({Black should try} 27... Ke7 $1 {[%cal Re7e6]} 28. Ng5 Nf6) 28. Nxc7 (28. Ng5+ $17 {is a better defense.} Ke7 29. Nxh7) 28... Nxc7 $17 {[%mdl 4096] Endgame KBB-KNN} 29. b6 Nd5 30. Ba5 Ke6 31. f3 $2 (31. g4) 31... Nxe3 $19 32. fxe4 Nxg2 33. exf5+ Kxf5 34. Kxg2 {KB-KN} Ke4 35. Bd2 Nb2 36. Bf4 d5 37. Kf1 Kd3 38. Kf2 d4 39. Kf3 Nc4 40. Bc7 Kc2 41. Kf4 d3 {Black mates.} 42. Kg5 d2 43. Kh6 d1=Q 44. Kxh7 Qh5+ 45. Kg7 g5 46. h4 g4 47. Kf8 Qc5+ 48. Kg7 Nxb6 49. Bxb6 Qxb6 50. h5 Qc7+ 51. Kg6 Qxg3 52. h6 Qh4 53. h7 g3 54. Kg7 g2 55. h8=Q g1=Q+ 56. Kf8 {Black used his chance.  Weighted Error Value: White=0.82/Black=0.24} 0-1